000 00318nam a2200133Ia 4500
005 20260328104311.0
008 260328s9999||||xx |||||||||||||| ||und||
100 _aHall, John
245 0 _aIncas :
_b Lords of Gold and Glory /
_cJohn Hall
260 _bTime Life
300 _a164 p.
650 _aINCAS
942 _cREF
999 _c10980
_d10980